[Event "Nis op"]
[Site "Nis"]
[Date "2011.05.30"]
[Round "6"]
[White "Stojanovic, Ivan M"]
[Black "Zivkovic, Zivojin"]
[Result "0-1"]
[WhiteElo "1879"]
[BlackElo "2024"]
[PlyCount "114"]
[EventDate "2011.05.24"]
[EventType "swiss"]
[EventRounds "9"]
[EventCountry "SRB"]
[SourceTitle "CBM 142 Extra"]
[Source "ChessBase"]
[SourceDate "2011.06.27"]
[SourceVersion "1"]
[SourceVersionDate "2011.06.27"]
[SourceQuality "1"]

1. c4 Nf6 2. Nc3 g6 3. g3 Bg7 4. Bg2 0-0 5. Nf3 d6 6. 0-0 e5 7. d3 a5 8. Be3 c6 9. Ne1 Be6 10. h3 Qd7 11. Kh2 d5 12. Bc5 Re8 13. Qb3 Na6 14. Bb6 Bf8 15. Na4 dxc4 16. dxc4 Qd2 17. Nd3 Qxe2 18. Rae1 Qh5 19. f3 Bd6 20. Nf2 Bb4 21. Rd1 Nd7 22. Ne4 Be7 23. Rxd7 Bxd7 24. Rd1 Be6 25. Nac5 Nxc5 26. Bxc5 Qf5 27. Bxe7 Rxe7 28. Qa3 Ree8 29. c5 Bd5 30. Nd6 Qc2 31. Rd3 Re7 32. Rc3 Qf2 33. Re3 Qd2 34. Rc3 h5 35. h4 Kg7 36. Rd3 Qb4 37. Bh3 Qxa3 38. Rxa3 f5 39. Bf1 Kf6 40. b4 a4 41. Bg2 Ke6 42. Bh3 b5 43. g4 Rf8 44. gxf5+ gxf5 45. Kg1 Rd7 46. Kf2 Rxd6 47. cxd6 Kxd6 48. Rd3 c5 49. bxc5+ Kxc5 50. a3 e4 51. Rc3+ Kd4 52. Rc7 e3+ 53. Ke1 Bxf3 54. Rd7+ Ke4 55. Rb7 Rc8 56. Re7+ Kf4 57. Re4+ Kxe4 0-1